000 05765nkm0a2200577 4500
001 RU\NLR\BIBL_A\022645560
005 20251202113206.0
035 _a(NLR Aleph) 022645560
071 5 0 _a451
_9600
090 _a88925
_c88925
100 _a20251016d1927 u y0rusy50 ca
101 0 _arus
102 _aRU
116 _adiybxx zz ae
135 _acrcn 024anaba
181 0 _ab4
_bxb2e
182 0 _an
200 1 _aДагестан
_iОбщий вид курорта Талги
_eпочтовая карточка
203 _aИзображение
_bнеподвижное
_bдвухмерное
_bвизуальное
_cнепосредственное
210 _a[Москва]
_cиздание Контрагентства печати
_d[1927?
_eМосква]
_gФотот. пр. к. т-ва "Артель фототипов"
215 _a1 л.
_cфототип.
_d10,5х14,8
300 _aЦенз. разрешение: Главлит № А-1981
301 _aИзд. номер: № 451
316 _aЭкз. РНБ на шифре Э ОТ63/Д140, инв.208901: на адрес. стороне штемпель: К-во печати 5 к.
_5NLR: Э ОТ63/Д140
325 _aКопия доступна в Электрон. б-ке РНБ
601 0 2 _aТалги, курорт
_jОткрытки
_2nlr_sh1
_3RU\NLR\AUTH\66147311
606 1 _aПочтовые открытки маркированные художественные
_yСССР
_z1917 - 1941
_2nlr_sh2
_3RU\NLR\AUTH\6601555037
606 1 _aФотографические открытки
_2nlr_sh2
_3RU\NLR\AUTH\661600135
610 1 _aВидовые открытки
617 _aСССР
_bДагестанская АССР
_eТалги, курорт
686 0 _aЩ153(2)7-489
711 0 2 _a"Талги", курорт
_cДагестанская АССР
_3RU\NLR\AUTH\880549502
712 0 2 _aВсесоюзное контрагентство печати
_3RU\NLR\AUTH\885157
_4650
712 0 2 _a"Артель фототипов", промысловое кооперативное товарищество
_cМосква
_bФототипия
_3RU\NLR\AUTH\880372943
_4610
830 _a"Официальной датой основания курорта «Талги» принято считать 16 марта 1927 г., когда Совет Народных Комиссаров РСФСР постановил признать район Талгинского источника местностью лечебного значения. Возникшему курорту были отведены земли, составлен генеральный план развития, произведена планировка территории, построено первое фундаментальное здание главного санаторного корпуса №1 на 120 коек. В том же 1927 г. на минеральной площадке было заложено строительство здания на 10 ванн. В качестве дополнительного лечебного фактора в том же году начинает применяться грязелечение, для чего соответствующим образом оборудуется грязевое озеро": https://mahachkala.bezformata.com/listnews/talgi-unikalnij-klimato/11715284/ (16.10.2025). АЯ ОЭФ
830 _a"В ноябре 1917 года частное предприятие Суворина было национализировано и на его основе создано Контрагентсов «Центропечать». 13 декабря 1921 года Коллегия Агитпропотдела ЦК РКП(б) постановила ликвидировать «Центропечать» ... в январе 1922 года была образована Центральная экспедиция советской и партийной печати (ЦЭП). Тогда же, в самом начале 1922 года, бывший железнодорожный отдел «Центропечати» был реформирован в "Контрагентство печати" Народного комиссариата почт и телеграфов, которое просуществовало до 1927 года. В 1927 году преобразовано в «Издательство Всесоюзного Контрагентства Печати»": https://ca-photoarchives.net/funds/734/ (10.10.2025). АЯ ОЭФ
830 _a"Всесоюзное Контрагентство печати Просуществовало в период с 1927 по 1930 год. В 1930 году преобразовано в "Союзпечать"": https://ca-photoarchives.net/funds/734/ (10.10.2025). АЯ ОЭФ
830 _aДатировка: вероятно, до появления Всесоюзного Контрагентства печати. С учетом времени организации курорта. АЯ ОЭФ
852 0 0 _aNLR
_bЭ
_jОТ63/Д140
_mинв.208901
856 0 _uhttps://vivaldi.nlr.ru/lo500030006/view
856 1 _uhttps://vivaldi.nlr.ru/lo500030006/cover
856 2 _uhttps://vivaldi.nlr.ru/lo500030006/text
942 _cVISUAL
945 _aРоссийская национальная библиотека
980 _aBV
980 _aNB
981 1 7 _a(17) Изографические материалы
_b(17) Открытки